Statistics for Countries by ChatGPT Funfact

Click here to take the quiz!

General Stats

  • This quiz has been taken 5 times
  • The average score is 12 of 20

Answer Stats

This Country...Answer% Correct
is the only continent without an active volcano.Australia
100%
is the only country in South America that speaks Portuguese.Brazil
100%
has the longest coastline of any country in the world, stretching over 202,080 km.Canada
75%
is home to the longest wall in the world, stretching over 21,196 km.China
75%
is home to a landmark, one of the wonders of the ancient world, originally covered in highly polished Tura limestone, making it shine brightly in the sun.Egypt
75%
is the world's largest producer of spices, including pepper and cardamom.India
75%
has the most UNESCO World Heritage sites, boasting a total of 58.Italy
75%
is home to the world's oldest company a hot spring hotel founded in 705 AD.Japan
75%
is considered the "Cradle of Humanity" as it is home to the Great Rift Valley, where some of the earliest human fossils have been found.Kenya
75%
introduced chocolate, chilies, and corn to the world.Mexico
75%
is home to the world's deepest lake reaching a depth of about 1,642 m.Russia
75%
has a landmark in their capital city that can be 15 cm taller during the summer due to thermal expansion.France
50%
has more than 2,000 islands, but only about 170 of them are populated.Greece
50%
is home to the world's widest avenue, Avenida 9 de Julio.Argentina
25%
does not have a military and has only one police force.Iceland
25%
is home to the world's smallest dolphin, Hector's dolphin.New Zealand
25%
is home to the world's longest road tunnel stretching over 24 km.Norway
25%
is home to the world's longest wine route, Route 62.South Africa
25%
has a special romantic holiday called "Black Day," where singles who did not receive gifts on Valentine's Day or White Day gather to eat black noodles.South Korea
25%
has a unique tradition called "fika," which involves taking a break for coffee and a sweet treat.Sweden
25%

Score Distribution

Percentile by Number Answered

Percent of People with Each Score

Your Score History

You have not taken this quiz